Strzelcy bramek dla Polski w el. EURO 2020 - Statystyki

Ogólne statystyki
  • Ten quiz został rozwiązany 519 razy
  • Średni wynik to 7 z 10
Statystyki odpowiedzi
gole piłkarz % Poprawnych
6 Lewandowski
100%
1 Milik
93%
4 Piątek
89%
1 Glik
86%
1 Krychowiak
84%
1 Grosicki
80%
1 Szymański
56%
1 Frankowski
45%
1 Góralski
43%
1 Kądzior
42%
Nie znaleziono quizów pasujących do podanych kryteriów
Rozkład punktacji
Procent ludzi z każdym wynikiem
Percentyl według liczby udzielonych odpowiedzi
Twoja historia wyników
Nie rozwiązałeś tego quizu